[Event "G7"]
[Site "Svendborg"]
[Date "2016.03.27"]
[Round "6"]
[White "Andersen, Rune"]
[Black "Molvig, Julius"]
[Result "0-1"]
[WhiteElo "2126"]
[BlackElo "1934"]
[PlyCount "108"]
[EventDate "2016.03.22"]
[EventType "swiss"]
[EventRounds "7"]
[EventCountry "DEN"]

1. d4 Nf6 2. c4 c5 3. d5 b5 4. cxb5 a6 5. Nc3 axb5 6. e4 b4 7. Nb5 d6 8. Bc4
Nbd7 9. Nf3 Nb6 10. Bd3 g6 11. b3 Bg7 12. Bb2 O-O 13. Qe2 Bg4 14. h3 Bxf3 15.
Qxf3 Qd7 16. O-O Rfc8 17. Rfc1 Ra5 18. Qe2 Rca8 19. a4 bxa3 20. Nxa3 Nh5 21.
Bxg7 Nxg7 22. Qb2 e6 23. Nc4 Nxc4 24. bxc4 Rxa1 25. Rxa1 Rxa1+ 26. Qxa1 exd5
27. exd5 Qe7 28. Qa8+ Ne8 29. Qa1 h5 30. Bc2 Nf6 31. Qc3 Nd7 32. Ba4 Qe5 33.
Qc1 Nf6 34. Bb5 Qd4 35. Qg5 Kg7 36. g3 Qe4 37. Qd2 Qf3 38. Qe3 Qxe3 39. fxe3
Ne4 40. Kg2 Kf6 41. Kf3 Ng5+ 42. Kg2 Ke7 43. Ba4 f5 44. Bc2 Kf6 45. h4 Nf7 46.
e4 fxe4 47. Bxe4 Ne5 48. Kh3 Nxc4 49. g4 hxg4+ 50. Kxg4 Na3 51. Kf3 Nb5 52. Bd3
Nd4+ 53. Kg4 Nf5 54. Be4 Ke5 0-1

[Event "G7"]
[Site "Svendborg"]
[Date "2016.03.27"]
[Round "6"]
[White "Jensen, Tobias Ilsoe"]
[Black "Thybo, Thomas Sondergaard"]
[Result "1/2-1/2"]
[WhiteElo "2058"]
[BlackElo "1946"]
[PlyCount "77"]
[EventDate "2016.03.22"]
[EventType "swiss"]
[EventRounds "7"]
[EventCountry "DEN"]

1. d4 Nf6 2. c4 g6 3. Nc3 Bg7 4. e4 d6 5. Nf3 O-O 6. Be2 Nbd7 7. O-O e5 8. d5
Nc5 9. Qc2 a5 10. b3 Nh5 11. a3 f5 12. Bg5 Qe8 13. Be3 Nxe4 14. Nxe4 fxe4 15.
Nd2 Nf6 16. Nxe4 Nxe4 17. Qxe4 Bf5 18. Qh4 Bf6 19. Qg3 Qe7 20. Bd2 c5 21. Ra2
Rfb8 22. Qe3 Bd7 23. a4 Rf8 24. Bd3 b6 25. Be4 Rae8 26. Raa1 Bg7 27. Rae1 Rf7
28. f3 Ref8 29. Rf2 Bf5 30. Ref1 Bxe4 31. fxe4 Rxf2 32. Rxf2 Rxf2 33. Qxf2 Bf6
34. Qg3 Qd7 35. h4 Kf7 36. Qf3 Kg7 37. Qg3 h5 38. Bg5 Qe7 39. Kf2 1/2-1/2

[Event "G7"]
[Site "Svendborg"]
[Date "2016.03.27"]
[Round "6"]
[White "Lauritsen, Niels"]
[Black "Schoning, Lars"]
[Result "1/2-1/2"]
[WhiteElo "2045"]
[BlackElo "1923"]
[PlyCount "27"]
[EventDate "2016.03.22"]
[EventType "swiss"]
[EventRounds "7"]
[EventCountry "DEN"]

1. d4 Nf6 2. Nc3 c5 3. d5 e5 4. e4 d6 5. f4 Nbd7 6. Nf3 exf4 7. Bxf4 a6 8. a4
Be7 9. Be2 O-O 10. O-O Nh5 11. Bd2 g6 12. Kh1 Bf6 13. Bh6 Re8 14. Nd2 1/2-1/2

[Event "G7"]
[Site "Svendborg"]
[Date "2016.03.27"]
[Round "6"]
[White "Mortensen, Henrik"]
[Black "Kakulidis, Ellen"]
[Result "1-0"]
[WhiteElo "1954"]
[BlackElo "1843"]
[PlyCount "107"]
[EventDate "2016.03.22"]
[EventType "swiss"]
[EventRounds "7"]
[EventCountry "DEN"]

1. f4 d5 2. Nf3 Nf6 3. e3 e6 4. b3 c5 5. Bb5+ Bd7 6. Qe2 a6 7. Bxd7+ Nbxd7 8.
a4 b6 9. Bb2 Be7 10. O-O O-O 11. d3 Qc7 12. Nbd2 b5 13. axb5 axb5 14. Ne5 Nb6
15. Rxa8 Rxa8 16. Ra1 Rxa1+ 17. Bxa1 Qa7 18. Qe1 Bf8 19. Bb2 Qc7 20. c4 bxc4
21. bxc4 Nbd7 22. Ndf3 Qa7 23. Nxd7 Nxd7 24. Qa1 Qb7 25. Qa3 dxc4 26. dxc4 Qb4
27. Qxb4 cxb4 28. Nd2 Nc5 29. Kf1 g6 30. Bd4 Be7 31. Ke2 Kf8 32. Bxc5 Bxc5 33.
Nb3 Ba7 34. c5 Ke7 35. Kd3 h6 36. Kc4 Kd7 37. Kxb4 g5 38. fxg5 hxg5 39. e4 Bb8
40. h3 Be5 41. Kb5 Kc7 42. Nd2 Bg3 43. Nf3 Bf4 44. Nd4 Be3 45. Ne2 Bf2 46. Nc1
Bd4 47. Nd3 f5 48. exf5 exf5 49. Kc4 Be3 50. Kd5 g4 51. hxg4 fxg4 52. Ke4 Bh6
53. Kf5 g3 54. Kg4 1-0

[Event "G7"]
[Site "Svendborg"]
[Date "2016.03.27"]
[Round "6"]
[White "Vestby Ellingsen, Mads"]
[Black "Karstensen, Christian"]
[Result "1-0"]
[WhiteElo "1947"]
[BlackElo "1968"]
[PlyCount "105"]
[EventDate "2016.03.22"]
[EventType "swiss"]
[EventRounds "7"]
[EventCountry "DEN"]

1. e4 e6 2. b3 d5 3. Bb2 c5 4. Bb5+ Nc6 5. exd5 exd5 6. Qe2+ Qe7 7. Nc3 Nf6 8.
O-O-O Qxe2 9. Ngxe2 Be6 10. Rhe1 Kd7 11. d4 a6 12. Bxc6+ bxc6 13. Na4 Rb8 14.
dxc5 Ne4 15. Bd4 Be7 16. f3 Nf6 17. c3 Bd8 18. Be5 Rb7 19. Nd4 Re8 20. Nb2 Bc7
21. Nd3 a5 22. Bxc7 Kxc7 23. Ne5 Nd7 24. Nexc6 Nxc5 25. Nxa5 Rb6 26. b4 Ra6 27.
Nb5+ Kb6 28. Nd6 Rb8 29. bxc5+ Kxa5 30. Kc2 Rc6 31. Rb1 Rxb1 32. Rxb1 Ka6 33.
Kd2 Rxc5 34. Rb2 Rc6 35. Nb5 Bd7 36. Nd4 Rg6 37. Ke3 Rb6 38. Nb3 Ka7 39. Kd4
Be6 40. Re2 Kb8 41. Nc5 Kc7 42. a4 Kd6 43. Ra2 Bc8 44. Nd3 Ba6 45. Nb4 Bc4 46.
Ra1 Rb7 47. a5 Ra7 48. a6 f6 49. Ra5 Ke6 50. Kc5 Ra8 51. a7 Bf1 52. Nxd5 Kf7
53. Nb6 1-0

[Event "G7"]
[Site "Svendborg"]
[Date "2016.03.28"]
[Round "7"]
[White "Petersen, Steen Brustrup"]
[Black "Kristensen, Peter"]
[Result "1/2-1/2"]
[WhiteElo "2111"]
[BlackElo "1956"]
[PlyCount "27"]
[EventDate "2016.03.22"]
[EventType "swiss"]
[EventRounds "7"]
[EventCountry "DEN"]

1. c4 c5 2. g3 g6 3. Bg2 Bg7 4. Nf3 Nc6 5. Nc3 d6 6. O-O e5 7. Rb1 Nge7 8. a3
a5 9. d3 O-O 10. Ne1 Be6 11. Nd5 Rb8 12. Bg5 f6 13. Bd2 b5 14. b3 1/2-1/2

[Event "G7"]
[Site "Svendborg"]
[Date "2016.03.28"]
[Round "7"]
[White "Molvig, Julius"]
[Black "Rossen, Claus"]
[Result "1-0"]
[WhiteElo "1934"]
[BlackElo "2180"]
[PlyCount "47"]
[EventDate "2016.03.22"]
[EventType "swiss"]
[EventRounds "7"]
[EventCountry "DEN"]

1. d4 Nf6 2. c4 g6 3. Nc3 d5 4. cxd5 Nxd5 5. e4 Nxc3 6. bxc3 Bg7 7. Bc4 c5 8.
Ne2 O-O 9. Be3 Nc6 10. O-O Bd7 11. Rc1 a6 12. Bb3 Qc7 13. Qd2 Rfd8 14. Rfd1 Na5
15. Bh6 Bh8 16. Nf4 Bc6 17. Ne6 Nxb3 18. Nxc7 Nxd2 19. Nxa8 Nxe4 20. d5 Nxc3
21. dxc6 Nxd1 22. c7 Rxa8 23. Rxc5 Rc8 24. Rd5 1-0

[Event "G7"]
[Site "Svendborg"]
[Date "2016.03.28"]
[Round "7"]
[White "Christensen, Esben"]
[Black "Mortensen, Henrik"]
[Result "1-0"]
[WhiteElo "2084"]
[BlackElo "1954"]
[PlyCount "167"]
[EventDate "2016.03.22"]
[EventType "swiss"]
[EventRounds "7"]
[EventCountry "DEN"]

1. e4 e6 2. Nf3 d5 3. Nc3 dxe4 4. Nxe4 Nd7 5. d4 Ngf6 6. Nxf6+ Nxf6 7. Bd3 Be7
8. O-O O-O 9. Qe2 b6 10. Re1 Bb7 11. c3 c5 12. dxc5 Bxc5 13. Bf4 Qe7 14. h3
Rfd8 15. Ne5 h6 16. Rad1 Bd6 17. Bc2 Rac8 18. Qe3 Bc5 19. Qe2 Rxd1 20. Rxd1 Rd8
21. Bg3 Rxd1+ 22. Qxd1 Ne4 23. Qd3 Qg5 24. Kh2 Nxg3 25. Qxg3 Bxf2 26. Qxf2
Qxe5+ 27. Kg1 g6 28. Qd2 Qd5 29. Qe2 Kg7 30. b4 e5 31. Bb3 Qe4 32. Qf2 f5 33.
Qd2 Qc6 34. a4 Bc8 35. Qd8 Qd7 36. Qg8+ Kf6 37. Qh8+ Ke7 38. Qxe5+ Kd8 39. Qf6+
Qe7 40. Qxg6 Qe1+ 41. Kh2 Qe5+ 42. Qg3 f4 43. Qg8+ Kc7 44. Qc4+ Kb8 45. Qd4 Qc7
46. Bd5 Qd6 47. Be4 Qxd4 48. cxd4 a5 49. b5 Kc7 50. g4 fxg3+ 51. Kxg3 Kd6 52.
h4 Be6 53. Bc2 Bc4 54. Kf4 Kd5 55. Ke3 Ba2 56. Bh7 Kd6 57. Bc2 Kd5 58. Kd3 Bc4+
59. Kc3 Ba2 60. Bd3 Kd6 61. Bc4 Bb1 62. Kd2 Bf5 63. Bb3 Bd7 64. Ke3 Ke7 65. Kf4
Kf6 66. d5 Bf5 67. d6 Bb1 68. Kg4 Bg6 69. Kf4 Bf5 70. Bd1 Bd3 71. Bb3 Bb1 72.
d7 Ke7 73. Ke5 Kxd7 74. Kf6 Bd3 75. Bd1 Kd6 76. Kg7 h5 77. Kh6 Kc5 78. Kxh5
Bxb5 79. axb5 Kxb5 80. Kg5 a4 81. h5 a3 82. Bb3 Kb4 83. Be6 b5 84. h6 1-0

[Event "G7"]
[Site "Svendborg"]
[Date "2016.03.28"]
[Round "7"]
[White "Schoning, Lars"]
[Black "Jensen, Tobias Ilsoe"]
[Result "0-1"]
[WhiteElo "1923"]
[BlackElo "2058"]
[PlyCount "40"]
[EventDate "2016.03.22"]
[EventType "swiss"]
[EventRounds "7"]
[EventCountry "DEN"]

1. d4 Nf6 2. c4 e6 3. Nc3 Bb4 4. f3 O-O 5. e4 d5 6. e5 Nfd7 7. a3 Bxc3+ 8. bxc3
c5 9. cxd5 exd5 10. Bd3 Nc6 11. Ne2 cxd4 12. cxd4 f6 13. Nf4 Re8 14. O-O fxe5
15. dxe5 Ndxe5 16. Nxd5 Nxd3 17. Qxd3 Be6 18. Nf4 Qxd3 19. Nxd3 Bc4 20. Rd1
Rad8 0-1

[Event "G7"]
[Site "Svendborg"]
[Date "2016.03.28"]
[Round "7"]
[White "Nielsen, Poul Erik"]
[Black "Lauritsen, Niels"]
[Result "1/2-1/2"]
[WhiteElo "2032"]
[BlackElo "2045"]
[PlyCount "72"]
[EventDate "2016.03.22"]
[EventType "swiss"]
[EventRounds "7"]
[EventCountry "DEN"]

1. e4 Nc6 2. d3 d5 3. Nd2 e5 4. g3 Nge7 5. Bg2 g6 6. Ne2 Bg7 7. O-O O-O 8. c3
a5 9. f4 Rb8 10. fxe5 Nxe5 11. d4 Nd3 12. Nb3 Nxc1 13. Qxc1 dxe4 14. Bxe4 b6
15. Qe3 Bh3 16. Rf2 Qd7 17. Nf4 Bf5 18. Bg2 Rbe8 19. Qd2 Nc8 20. Re1 Rxe1+ 21.
Qxe1 Re8 22. Re2 Rxe2 23. Qxe2 Qe7 24. Kf2 Qxe2+ 25. Kxe2 Ne7 26. Nd2 Kf8 27.
Nc4 Ke8 28. Ne3 Bd7 29. Kd3 Bh6 30. a3 Bxf4 31. gxf4 Be6 32. c4 Nf5 33. Nd1 Ke7
34. b4 axb4 35. axb4 h6 36. Nc3 Bxc4+ 1/2-1/2

[Event "G7"]
[Site "Svendborg"]
[Date "2016.03.28"]
[Round "7"]
[White "Jensen, Morten Frank"]
[Black "Hollesen, Kurt"]
[Result "1-0"]
[WhiteElo "2032"]
[BlackElo "2023"]
[PlyCount "67"]
[EventDate "2016.03.22"]
[EventType "swiss"]
[EventRounds "7"]
[EventCountry "DEN"]

1. e4 e5 2. Bb5 a6 3. Ba4 Nc6 4. f4 exf4 5. Nf3 g5 6. h4 g4 7. Ng5 f6 8. Qxg4
h5 9. Qxf4 fxg5 10. hxg5 Bd6 11. Qe3 h4 12. Bb3 Bg3+ 13. Qxg3 Qe7 14. Qe3 d6
15. d4 Bd7 16. Nd2 O-O-O 17. c3 Qg7 18. Nf3 h3 19. gxh3 Bxh3 20. Rxh3 Rxh3 21.
Be6+ Kb8 22. Bxh3 Nge7 23. Bd2 Rh8 24. Bg2 Na5 25. O-O-O Nc4 26. Qe2 b5 27. b3
Nb6 28. e5 b4 29. exd6 cxd6 30. Qxa6 Nec8 31. c4 Rf8 32. Bxb4 Qc7 33. Ba5 Qc6
34. Ne1 1-0

[Event "G7"]
[Site "Svendborg"]
[Date "2016.03.28"]
[Round "7"]
[White "Thybo, Thomas Sondergaard"]
[Black "Andersen, Rune"]
[Result "1-0"]
[WhiteElo "1946"]
[BlackElo "2126"]
[PlyCount "55"]
[EventDate "2016.03.22"]
[EventType "swiss"]
[EventRounds "7"]
[EventCountry "DEN"]

1. e4 c5 2. Nc3 Nc6 3. g3 g6 4. Bg2 Bg7 5. Nge2 d6 6. d3 e6 7. O-O Nge7 8. Be3
b6 9. d4 O-O 10. f4 Bb7 11. Rb1 Rc8 12. dxc5 dxc5 13. Qxd8 Rfxd8 14. e5 Nd5 15.
Bf2 Ncb4 16. Nxd5 Bxd5 17. c3 Bxg2 18. Kxg2 Nc6 19. Rfd1 f6 20. exf6 Bxf6 21.
g4 e5 22. f5 gxf5 23. gxf5 Ne7 24. Ng3 Kf7 25. Kf3 Bg5 26. Ne4 Rxd1 27. Nxg5+
Kf6 28. Ne4+ 1-0

[Event "G7"]
[Site "Svendborg"]
[Date "2016.03.28"]
[Round "7"]
[White "Larsen, Ulrik"]
[Black "Hoffmann, Tobias Breinholt"]
[Result "0-1"]
[WhiteElo "2019"]
[BlackElo "2031"]
[PlyCount "100"]
[EventDate "2016.03.22"]
[EventType "swiss"]
[EventRounds "7"]
[EventCountry "DEN"]

1. e4 e5 2. Nf3 Nc6 3. Bb5 a6 4. Bxc6 dxc6 5. O-O f6 6. d4 exd4 7. Nxd4 c5 8.
Nb3 Qxd1 9. Rxd1 Bd6 10. Be3 b6 11. a4 Bb7 12. f3 O-O-O 13. N1d2 Nh6 14. Nc4
Be7 15. Kf2 Nf7 16. Nbd2 Bc6 17. b3 Kb7 18. Rac1 Rd7 19. Nb1 Rhd8 20. Ke2 Rxd1
21. Rxd1 Rxd1 22. Kxd1 Nd6 23. Nbd2 Be8 24. Ke2 Bf7 25. Kd3 Bg6 26. g4 h5 27.
h3 hxg4 28. hxg4 Bf7 29. Bf4 b5 30. axb5 axb5 31. Ne3 c6 32. Bg3 Kb6 33. f4 Ne8
34. Nf5 Bf8 35. Nf3 c4+ 36. bxc4 Bxc4+ 37. Kc3 c5 38. g5 Be6 39. N3h4 Nd6 40.
Nxd6 Bxd6 41. f5 Bxg3 42. fxe6 Kc7 43. Nf5 Be5+ 44. Kd3 fxg5 45. Ke3 g4 46. Kf2
g6 47. Ne7 Kd6 48. Nxg6 Kxe6 49. Ke3 g3 50. Kf3 b4 0-1

[Event "G7"]
[Site "Svendborg"]
[Date "2016.03.28"]
[Round "7"]
[White "Poulsen, Peter Risgaard"]
[Black "Vestby Ellingsen, Mads"]
[Result "1/2-1/2"]
[WhiteElo "1943"]
[BlackElo "1947"]
[PlyCount "97"]
[EventDate "2016.03.22"]
[EventType "swiss"]
[EventRounds "7"]
[EventCountry "DEN"]

1. d4 d5 2. Bf4 Nf6 3. e3 Bf5 4. c4 e6 5. Nc3 c6 6. Qb3 Qb6 7. c5 Qxb3 8. axb3
Nbd7 9. b4 Nh5 10. b5 Nxf4 11. exf4 Be7 12. Kd2 O-O 13. f3 Bg6 14. h4 f6 15. g4
Rfe8 16. h5 Bf7 17. Bd3 cxb5 18. Nxb5 Red8 19. Ne2 a6 20. Nbc3 e5 21. b4 a5 22.
Rxa5 Rxa5 23. bxa5 exd4 24. Nxd4 Bxc5 25. Nc2 Bd6 26. Ne2 Nc5 27. Ncd4 Ra8 28.
Ra1 Bc7 29. Kc2 Bxa5 30. Nf5 b6 31. Bb5 Kf8 32. Ned4 Ne6 33. Bc6 Rc8 34. Kd3
Nxf4+ 35. Ke3 Ne6 36. Rc1 Nxd4 37. Kxd4 Be8 38. Kxd5 Bxc6+ 39. Rxc6 Rxc6 40.
Kxc6 g6 41. hxg6 hxg6 42. Ne3 Kf7 43. f4 Ke6 44. Nc4 Be1 45. Nxb6 Bd2 46. f5+
gxf5 47. gxf5+ Kxf5 48. Nd5 Bc3 49. Nxf6 1/2-1/2

[Event "G7"]
[Site "Svendborg"]
[Date "2016.03.28"]
[Round "7"]
[White "Kakulidis, Ellen"]
[Black "Karstensen, Christian"]
[Result "1/2-1/2"]
[WhiteElo "1843"]
[BlackElo "1968"]
[PlyCount "32"]
[EventDate "2016.03.22"]
[EventType "swiss"]
[EventRounds "7"]
[EventCountry "DEN"]

1. d4 d5 2. c4 e6 3. Nc3 Nf6 4. cxd5 exd5 5. Bg5 Be7 6. Qc2 c6 7. e3 O-O 8. Nf3
Nbd7 9. Bd3 h6 10. Bh4 Re8 11. O-O a6 12. Rab1 b5 13. h3 Bb7 14. Rfe1 c5 15.
dxc5 Nxc5 16. Bf1 Nce4 1/2-1/2